| 000 | 00380nam a2200133Ia 4500 | ||
|---|---|---|---|
| 008 | 231221s9999 xx 000 0 und d | ||
| 020 | _a978-1-4020-3665-1 | ||
| 041 | _aEnglish | ||
| 100 | _aM. Iglesias, B. Naudts, A. Verschoren, C. Vidal | ||
| 245 | 0 | _aFoundations of Generic Optimization | |
| 260 |
_c2005 _bSpringer US _aNew York |
||
| 650 | _aComputer Science | ||
| 942 | _cEB | ||
| 999 |
_c218445 _d218445 |
||